Quiz de Liechtenstein - Statistics

Estatísticas Gerais
  • Esse quiz foi jogado 813 vezes
  • A pontuação média é 8 de 13
Estatísticas das Respostas
Dica Resposta % Correto
Países fazendo fronteira com Liechtenstein Suíça
93%
Língua oficial Alemão
92%
Países fazendo fronteira com Liechtenstein Áustria
90%
Essas pessoas não poderiam votar em Liechtenstein até 1984 Mulheres
82%
Liechtenstein é o segundo país mais ____ do mundo, apenas atrás de Mónaco Rico
80%
Capital Vaduz
78%
Cordilheira onde Liechtenstein está Alpes
68%
Liechtenstein fazia parte deste império antes de 1805 Sacro Império Romano-Germânico
57%
Como Mónaco e Andorra, o monarca de Liechtenstein tem o este título Príncipe
54%
Moeda oficial Franco suíço
50%
Rio que forma a fronteira oeste de Liechtenstein Reno
34%
Monarca atual {Hans}-Adam II
21%
Município mais populoso Schaan
21%
Nenhum quiz correspondente encontrado
Distribuição das Pontuações
Porcentagem de Pessoas com Cada Pontuação
Percentil de Números Respondidos
Sua Pontuação Histórica
Você não jogou esse quiz